personnage d'harry potter par catégorie - Statistiques

Statistiques générales
  • Ce quiz a été pris 140 fois
  • Le résultat moyen est 26 sur 30
Statistiques - réponses
nom prénom % Correct
Potter Harry
100%
Weasley Ronald / Ron
99%
Granger Hermione
98%
Potter James
97%
Potter Lily
96%
Diggory Cedric
94%
Londubat Neville
94%
Black Sirius
94%
Jedusor Tom
94%
Dumbledor Albus
93%
Malefoy Drago
93%
Delacour Fleur
92%
Lovegood Luna
92%
Lestrange Bellatrix
91%
Dolores Ombrage
91%
Rogue Severus
90%
Weasley Ginerva / Ginny
89%
Rubeus Hagrid
87%
Remus Lupin
85%
Krum Victor
85%
Chang Cho
84%
Dursley Dudley
81%
Weasley Arthur
79%
Weasley Molly
77%
Dursley Pétunia
77%
Dursley Vernon
73%
Lockhart Gilderoy
70%
Serdaigle Rowena
66%
Brown Lavande
60%
Fletcher Mondingus
57%
Aucun quiz correspondant
Distribution des résultats
% des personnes avec chaque résultat
Percentile par nombre de réponses
Votre historique - résultats
Vous n’avez pas pris ce quiz